Регионална библиотека "Любен Каравелов" - Русе

Едничко дете (Запис номер 174880)

MARC детайли
000 -Лидер
Контролно поле с фиксирана дължина 01295nam a2200313 c 4500
003 - Код на организацията, давaща контролен номер
Контролно поле BLK
005 - Дата и час на последна редакция
Контролно поле 20180422114700.0
008 - Елементи от данни с фиксирана дължина
fixed length control field 180411b bul|||||r ||||||| ||bul||
010 ## - Наследен системен номер
LC control number KNG00183385000
040 ## - Източник на каталожния запис
Идентификатор на билиотеката - собственик на записа BLK
041 ## - Код за език
Код за езика на текст/звукозапис или на отделно заглавие Български
Код за езика КДБФ Български
080 ## - УДК
Текстов определител УДК Словашка литература
УДК код - определител по УДК 821.162.4
УДК определител -93-34
УДК - код + определител 821.162.4-93-34
100 1# - Редна дума - Автор
Автор Ярункова, Клара
Авторска отговорност първи автор
R(LIN) 146092
139 ## - Редно поле
Редна дума Ярункова, Клара
Авторски знак Яру - Я 83
245 10 - Сведения за заглавието
Заглавие Едничко дете
Подзаглавни данни Роман за юноши
Редно поле (дума) Клара Ярункова; прев. от словаш. Невена Захариева; худож. Ани Петрова Бобева.
257 ## - Страна на издаване
Страна на създаване/издаване Словакия
260 ## - Област на издателските данни
-- София
Име на издателя, разпространителя и проч. Отечество
Година на издаване 1985
300 ## - Физическа характеристика
Страници 223 с.
Илюстрации и др. с ил.
Размери/Мащаб 21 см
380 ## - Жанр
Жанр Детска худож. лит.
490 1# - СЕРИИ (Колекции)
Име на серия Библиотека Връстници
500 ## - Общи забележки
Забележка Ориг. загл. Jedina / Klara Jarunkova. - 21 115 тир.
700 1# - Други автори (авторска отговорност)
Лично име Захариева, Невена
Автороска отговорност (Описва отношението между автора и произведението) прев. от словаш.
Друга информация Димитрова, Невена Захариева
9 (RLIN) 372671
700 1# - Други автори (авторска отговорност)
Лично име Бобева, Ани Петрова
Автороска отговорност (Описва отношението между автора и произведението) худож.
9 (RLIN) 379385
852 ## - Местоположение
Форматна сигнатура Цб 139200
856 4# - Електронен адрес и достъп
Електронен формат pdf - файл
Път до файла /url/
856 4# - Електронен адрес и достъп
Електронен формат pdf - файл
Път до файла /url/
942 ## - АРТИКУЛИ
Вид на библиотечния материал Книги
Скрит в OPAC Не
944 ## - СЪЗДАВАНЕ И РЕДАКЦИЯ на ЗАПИСА
Създаване/Редакция Създаване
Дата на регистрацията/редакция 08.10.2015
Служител, извършил регистрацията/редакцията Кети_Илиева
944 ## - СЪЗДАВАНЕ И РЕДАКЦИЯ на ЗАПИСА
Създаване/Редакция Редакция
Дата на регистрацията/редакция 08.10.2015
Служител, извършил регистрацията/редакцията Кети_Илиева
999 ## - СИСТЕМНИ КОНТРОЛНИ НОМЕРА
Koha biblionumber 174880
Koha biblioitemnumber 174880
Наличности
Код за отписване Код за изгубен артикул Източник на класификационната схема Код за повреда Коз за рестрикции Код за отдаване Артикулен № Име на библиотеката - собственик Име на библиотеката, в която се намира в момента Статус (Текущо местоположение) Дата на вписване в системата Местоположение - отдел Цена в лева Инвентарен номер Систематично азбучна сигнатура Баркод Номер на екземпляра Цена в евро Служебна бележка Служебен тип на артикула
  Не е изгубен Universal Decimal Classification Не е повреден без рестрикции ползва се в читалня 300871 Регионална библиотека "Любен Каравелов" Русе Регионална библиотека "Любен Каравелов" Русе Хранилище 1985-01-01 Хранилище 0.76 441432 Цб 139200 120000441432 1 0.39 Вид: Сф Дата: 01.01.1985 Книги
Изтеглен Не е изгубен Universal Decimal Classification Не е повреден без рестрикции заемане за дома 300872 Регионална библиотека "Любен Каравелов" Русе Регионална библиотека "Любен Каравелов" Русе Заемна - подръчен фонд 1985-01-01 Заемна - подръчен фонд 0.76 441324 П 885.4-31/Я 83 441324 2 0.39 Вид: Сф Дата: 01.01.1985 Книги
Vip Innovations Ltd, Rousse, Bulgaria 2025